|
|
|
|
| LEADER |
00641nta a2200181 i 4500 |
| 001 |
dipl115348 |
| 005 |
20210526070525.0 |
| 008 |
210513s1989 hu om 0|| zxx d |
| 040 |
|
|
|a SZTE Diploma Repozitórium
|b hun
|
| 041 |
|
|
|a zxx
|
| 100 |
1 |
|
|a Németh Erika
|
| 245 |
1 |
0 |
|a 4.-8. osztályos nevelőotthoni tanulók értékorientációjának vizsgálata
|h [elektronikus dokumentum] /
|c Erika Németh
|
| 260 |
|
|
|c 1989
|
| 650 |
|
4 |
|a Pedagógusképzés
|
| 650 |
|
4 |
|a Social sciences
|
| 650 |
|
4 |
|a Educational sciences
|
| 700 |
1 |
|
|a Ormándi János
|e ths
|
| 856 |
4 |
0 |
|u http://diploma.bibl.u-szeged.hu/id/eprint/115348/1/1989_nemeth_erika.pdf
|z Dokumentum-elérés
|